000 00599nam a2200229Ia 4500
003 OSt
005 20220924145609.0
006 a|||||r|||| 00| 0
007 ta
008 220923b |||||||| |||| 00| 0 per d
024 _a329505
037 _cTextual
040 _aARTS
_cARTS
_bper
041 _2per
_aper
082 _aP164,7, 164A75;D1
100 _aAarvi Abdul Azeez Au.
_9220143
245 0 _aInshai bahar-e-Hind
260 _c1901
650 _aPERSIAN LANGUAGE
942 _hP164,7, 164A75;D1
_cTEXL
_2CC
999 _c460606
_d460606